El aprendizaje del guión audiovisual : fundamentos, metodologías y técnicas /
Guardado en:
| Autor Principal: | |
|---|---|
| Formato: | Libro |
| Publicado: |
Córdoba [argentina] :
Brujas,
2010
|
| Materias: | |
| Etiquetas: |
Agregar Etiqueta
Sin Etiquetas, Sea el primero en etiquetar este registro!
|
| LEADER | 00624nam a22002055a 4500 | ||
|---|---|---|---|
| 001 | CEM.cems014104 | ||
| 008 | 130507s2010##################000#0#####d | ||
| 005 | 20210705181644.0 | ||
| 003 | CEMS | ||
| 245 | 1 | 0 | |a El aprendizaje del guión audiovisual : |b fundamentos, metodologías y técnicas / |c Alberto Mario Perona |
| 260 | |a Córdoba [argentina] : |b Brujas, |c 2010 | ||
| 300 | |a 234 p. | ||
| 590 | |a 1168.013 | ||
| 020 | |a 9789875912083 | ||
| 100 | 1 | |a Perona, Alberto Mario | |
| 653 | |a Guión | ||
| 653 | |a Guión cine | ||
| 653 | |a Guión audiovisual | ||
| 653 | |a Biblioteca TC | ||
| 859 | |a CEMS |b BIB. CEMS - 11 de abril |h TC |p 1168.013 |t Ej.1 | ||
